Wszystkie przystanki Autobusowe i Tramwajowe w Krakowie (Strefa I) - Statystyki

Ogólne statystyki
  • Ten quiz został rozwiązany 8 razy
    7 od ostatniego zresetowania
  • Średni wynik to 332 z 802
Statystyki odpowiedzi
Odpowiedź % Poprawnych
AGH / UR
100%
Azory
100%
Bieżanowska
100%
Bronowice
100%
Bronowice Małe
100%
Dunikowskiego
100%
Imbramowska
100%
Kombinat
100%
Lubicz
100%
Miasteczko Studenckie AGH
100%
Plac Inwalidów
100%
Radio Kraków
100%
Rondo Hipokratesa
100%
Rondo Matecznego
100%
Rondo Mogilskie
100%
Starowiślna
100%
TAURON Arena Kraków
100%
Aleja Róż
75%
Arka
75%
Armii Krajowej
75%
Baba Jaga
75%
Bardosa
75%
Betonowa
75%
Bielany
75%
Bielany Szkoła
75%
Biprostal
75%
Biskupa Prandoty
75%
Bonarka
75%
Bora-Komorowskiego
75%
Borek Fałęcki
75%
Brama nr 8
75%
Bratysławska
75%
Brodowicza
75%
Brogi
75%
Bronowice SKA
75%
Bronowice Wielkie
75%
Cedyńska
75%
Chełm
75%
Chełmońskiego Osiedle
75%
Cichy Kącik
75%
Cło
75%
Cmentarz Bronowice
75%
Cmentarz Prądnik Czerwony
75%
Cmentarz Rakowicki
75%
Cmentarz Rakowicki Zachód
75%
Cmentarz Ruszcza
75%
Cracovia Błonia
75%
Cracovia Stadion
75%
Cystersów
75%
Czarnowiejska
75%
Czerwone Maki P+R
75%
Czyżyny
75%
Czyżyny Dworzec
75%
Dąbie
75%
Dąbrowskiej
75%
DH Wanda
75%
Dobrego Pasterza
75%
Dworzec Główny Wschód
75%
Dworzec Główny Zachód
75%
Elektrociepłownia
75%
Fabryczna
75%
Fatimska
75%
Głowackiego
75%
Górka Narodowa P+R
75%
Hala Targowa
75%
Igołomska Zakłady
75%
Jubilat
75%
Kamieńskiego
75%
Kamieńskiego Wiadukt
75%
Kampus UJ
75%
Kantorowicka
75%
Katowicka
75%
Klasztor Cystersów
75%
Klasztorna
75%
Kleeberga
75%
Kobierzyn
75%
Kobierzyńska
75%
Konopnickiej
75%
Kościelniki
75%
Krowodrza Górka P+R
75%
Krowodrza Urzędy Skarbowe
75%
Łagiewniki
75%
Łagiewniki SKA
75%
Lajkonika
75%
Lasek Mogilski
75%
Lesisko
75%
Łobzów SKA
75%
Lublańska
75%
Łuczanowice
75%
Ludwinów
75%
Majora
75%
Malborska
75%
Malborska Szkoła
75%
Mały Płaszów P+R
75%
Mazowiecka
75%
Meksyk
75%
Miśnieńska
75%
Mistrzejowice
75%
Narzymskiego
75%
Olsza II
75%
Opolska Estakada
75%
Opolska Kładka
75%
Orkana
75%
Os. Akademickie PK
75%
Os. Jagiellońskie
75%
Os. Na Lotnisku
75%
Os. Na Skarpie
75%
Os. Oświecenia
75%
Os. Piastów
75%
Os. Strusia
75%
Os. Wandy
75%
Os. Willowe
75%
Os. Zgody
75%
Os. Zielone
75%
Os. Złotego Wieku
75%
Park Decjusza
75%
Pasternik
75%
Piaski Nowe
75%
Pilotów
75%
Pleszów
75%
Poczta Główna
75%
Podgórze SKA
75%
Politechnika
75%
Powstańców
75%
Powstańców Garaże
75%
Prądnik Biały
75%
Prądnik Czerwony P+R
75%
Rondo Barei
75%
Rondo Grzegórzeckie
75%
Rondo Ofiar Katynia
75%
Ruszcza
75%
Rzepakowa
75%
Salwator
75%
Skrajna
75%
Stare Wiślisko
75%
Stary Kleparz
75%
Stawowa
75%
Struga
75%
Strzelnica
75%
Suche Stawy
75%
Sułkowskiego
75%
Szpital Okulistyczny
75%
Szpital Rydygiera
75%
Szpital Żeromskiego
75%
Szwedzka
75%
Teatr Bagatela
75%
Teatr Ludowy
75%
Teatr Słowackiego
75%
Tondosa
75%
Turowicza
75%
Ugorek
75%
UJ / AST
75%
UKEN
75%
UR al. 29 Listopada
75%
Wileńska
75%
Wiślicka
75%
Wlotowa
75%
Wodociągi
75%
Wodociągowa
75%
Wolica Kościół
75%
Wolica Most
75%
Wybickiego
75%
Zalew Nowohucki
75%
Zarzecze
75%
ZOO
75%
Agatowa
50%
Akacjowa
50%
AKF / PK
50%
Aleja Przyjaźni
50%
Aleja Waszyngtona
50%
Architektów
50%
Architektów Szkoła
50%
Arctowskiego
50%
Babińskiego
50%
Banacha
50%
Batalionu ,,Skała'' AK
50%
Benedyktowicza
50%
Białe Wzgórze
50%
Białoprądnicka
50%
Białucha
50%
Bielany Klasztor
50%
Bieńczycka
50%
Biskupińska
50%
Bitschana
50%
Blokowa
50%
Błonia Kościelnickie
50%
Bobrzeckiej
50%
Bociana
50%
Borkowska
50%
Borsucza
50%
Bosaków
50%
Botewa
50%
Brama nr 4
50%
Brama nr 5
50%
Brożka
50%
Bujaka
50%
Bulwarowa Ogródki Działkowe
50%
Bunscha
50%
Centralna
50%
Chałupki
50%
Chełmońskiego Pętla
50%
Chopina
50%
Cienista
50%
Cmentarz Bielany
50%
Cmentarz Grębałów
50%
Cmentarz Olszanica
50%
Cmentarz Podgórski
50%
Cmentarz Prądnik Czerwony Wschód
50%
Cogiteon
50%
Conrada
50%
Ćwiklińskiej
50%
Czeczeńska
50%
Darwina
50%
Dauna
50%
Dożynkowa
50%
Dworcowa
50%
Dworzec Główny Tunel
50%
Dworzec Płaszów Estakada
50%
Dworzec Towarowy
50%
Dziekanowicka
50%
Filharmonia
50%
Fort Mogiła
50%
Gałczyńskiego
50%
Giedroycia
50%
Giełda Balicka
50%
Górnickiego
50%
Grębałów
50%
Grodzki Urząd Pracy
50%
Gromadzka
50%
Grota-Roweckiego
50%
Grzegorza z Sanoka
50%
Habina
50%
Hektary
50%
Instytut Reumatologii
50%
Isep
50%
Jana Kazimierza
50%
Jarzębiny
50%
Jasnogórska
50%
Jubileuszowa
50%
Kabel
50%
Kampus UP JP II
50%
Kantorowice
50%
Kapelanka
50%
Kąpielowa
50%
Kawiory
50%
Klimeckiego
50%
Kliny Poranne
50%
Kliny Zacisze
50%
Koksochemia
50%
Kolna
50%
Komorowskiego
50%
Kopalina
50%
Kopiec Kościuszki
50%
Kopiec Wandy
50%
Korona
50%
Kościuszkowców
50%
Krowoderskich Zuchów
50%
Kruszwicka
50%
ks. Luzara
50%
ks. Meiera
50%
Kujawy
50%
Kuklińskiego
50%
Kupały
50%
Kurdwanów P+R
50%
Kurzei
50%
Kuźnicy Kołłątajowskiej
50%
Łagiewniki ZUS
50%
Las Borkowski
50%
Lasek Łęgowski
50%
Łęczycka
50%
Lekarska
50%
Leszka Białego
50%
Limanowskiego
50%
Lindego
50%
Lipińskiego
50%
Lipska
50%
Lubocza Szkoła
50%
Lubocza Trafo
50%
Lubostroń
50%
Łuczanowice Skrzyżowanie
50%
Łuczanowicka
50%
Mackiewicza
50%
Makuszyńskiego
50%
Malczewskiego
50%
Marchołta
50%
Marycjusza
50%
Medweckiego
50%
Mehoffera
50%
Meissnera
50%
Miechowity
50%
Miodowa
50%
Mochnaniec
50%
Morcinka
50%
Mrozowa
50%
Muzeum Armii Krajowej
50%
Muzeum Fotografii
50%
Muzeum Lotnictwa Polskiego
50%
Muzeum Narodowe
50%
Na Budzyniu
50%
Natansona
50%
Norymberska
50%
Nowolipki
50%
Nowosądecka
50%
Nowy Bieżanów Południe
50%
Nowy Bieżanów P+R
50%
Nowy Kleparz
50%
Nowy Prokocim
50%
Nullo
50%
Obserwatorium
50%
Ofiar Dąbia
50%
Ogród Doświadczeń
50%
Oleandry
50%
Olszanica Bory
50%
Orzeszkowej
50%
Os. Dywizjonu 303
50%
Os. Górali
50%
Os. Gotyk
50%
Os. Kalinowe
50%
Os. Kolorowe
50%
Os. Kościuszkowskie
50%
Os. Kurdwanów
50%
Os. Na Stoku
50%
Os. Podwawelskie
50%
Ostafina
50%
Pachońskiego P+R
50%
Papierni Prądnickich
50%
Park Jordana
50%
Park Tetmajera
50%
Park Wodny
50%
PCK
50%
Pędzichów
50%
Pękowicka
50%
Petöfiego
50%
Piaski Wielkie
50%
Piasta Kołodzieja
50%
Piastów SKA
50%
Piastowska
50%
Pielęgniarek
50%
Plac Bohaterów Getta
50%
Plac Centralny im. Ronalda Reagana
50%
Plac Na Stawach
50%
Plac Wolnica
50%
Plac Wszystkich Świętych
50%
Płaszowska
50%
Pleszowska
50%
Podgórki Tynieckie
50%
Poniedziałkowy Dół
50%
Powstańców Magazyny
50%
Poziomkowa
50%
Prądnik Biały Zachód
50%
Prokocim
50%
Prokocim Szpital
50%
Promienistych
50%
Przegorzały
50%
Przybyszewskiego
50%
Przylasek Rusiecki
50%
Przylasek Wyciąski
50%
Pszenna
50%
Pszona
50%
Puszkarska
50%
Radzikowskiego
50%
Radzikowskiego Osiedle
50%
Reja
50%
Reymana
50%
Rondo 308. Dywizjonu
50%
Rondo Czyżyńskie
50%
Rondo Grunwaldzkie
50%
Rondo Kocmyrzowskie im. ks. Gorzelanego
50%
Rondo Młyńskie
50%
Rondo Mogilskie Opera
50%
Rondo Piastowskie
50%
Rostworowskiego
50%
Różyckiego
50%
Ruczaj
50%
Rżąka
50%
Rzebika
50%
Rzemieślnicza
50%
Sanktuarium Bożego Miłosierdzia
50%
Sieroszewskiego
50%
Siewna
50%
Siewna Wiadukt
50%
Skośna
50%
Słomiana
50%
Słoneckiego
50%
Smolki
50%
Sołtysowska
50%
Sołtysowska Osiedle
50%
Sołtysowska Zakłady
50%
Solvay
50%
Sosabowskiego
50%
Spadochroniarzy
50%
Stara Wola
50%
Starego Wiarusa
50%
Stefana Batorego
50%
Stella-Sawickiego
50%
Stradom
50%
Strzelców
50%
Sucha
50%
Sudolska
50%
Surzyckiego
50%
św. Gertrudy
50%
św. Wawrzyńca
50%
Szparagowa
50%
Szpital JP II
50%
Szpital Narutowicza
50%
Szymańskiego
50%
TAURON Arena Kraków al. Pokoju
50%
TAURON Arena Kraków Wieczysta
50%
Teatr Variété
50%
Teligi
50%
Tonie
50%
Tonie Gliniki
50%
Tonie Skrzyżowanie
50%
Tyniec
50%
Tyniec Kamieniołom
50%
Uniwersytet Ekonomiczny
50%
Urząd Marszałkowski
50%
Urzędnicza
50%
Vetulaniego
50%
Wadów
50%
Wadów Glinik
50%
Wadów Os. Kolejowe
50%
Wańkowicza
50%
Wawel
50%
Węgrzynowice
50%
Węgrzynowicka
50%
Wesele
50%
Witkowice
50%
Witkowice Nowe
50%
Witkowicka
50%
Witosa
50%
Włądysława Jagiełły
50%
Władysława Łokietka
50%
Wola Duchacka
50%
Wolica Szkoła
50%
Wrocławska
50%
Wróżenice
50%
Wróżenice Górka
50%
Wróżenicka
50%
Wyciąska
50%
Wyki
50%
Wzgórza Krzesławickie
50%
Żabiniec
50%
Zabłocie
50%
Zajezdnia Bieńczyce
50%
Zajezdnia Nowa Huta
50%
Zajezdnia Płaszów
50%
Zajezdnia Wola Duchacka
50%
Zakamycze
50%
Zakępie
50%
Zalew Zesławice
50%
Żeromskiego
50%
Zesławice
50%
Zesławice Ogródki Działkowe
50%
Zielińskiego
50%
Złocień
50%
Żmujdzka
50%
Agencja Kraków Wschód
25%
Albatrosów
25%
Aleja 29 Listopada Wiadukt
25%
Aleksandry
25%
Archiwum UMK
25%
Baczyńskiego
25%
Bagry
25%
Bałuckiego
25%
Bartnicza
25%
Barwinkowa
25%
Barwna
25%
Bazarowa
25%
Beskidzka
25%
Bielańskie Skały
25%
Bielany Obwodnica
25%
Bieżanów Drożdżownia SKA
25%
Bieżanów Granica Miasta
25%
Bieżanów Pomnik
25%
Bieżanów Potrzask
25%
Bieżanów Szkoła
25%
Bieżanów Trafo
25%
Bodzów
25%
Bodzowska
25%
Bogucianka
25%
Bojki
25%
Bonarka SKA
25%
Branice
25%
Bystronia
25%
Centrum JP II
25%
Chałupki Górne
25%
Chełmska
25%
Chorzowska
25%
Ciesielskiego
25%
Clepardia
25%
Cmentarz Borek Fałęcki
25%
Cmentarz Grębałów Południe
25%
Cmentarz Pleszów
25%
Czerwieńskiego
25%
Deszczowa
25%
Domagały
25%
Domagały Magazyny
25%
Drożdżowa
25%
Drożyska
25%
Dwór Czeczów
25%
Dymarek
25%
Elektromontaż
25%
Fiszera
25%
Fort Skotniki
25%
Fort Winnica
25%
Fredry
25%
Friedleina
25%
Gaik
25%
Galicyjska
25%
Gerlaha
25%
Giedroycia ZTPO
25%
Glinnik
25%
Glogera
25%
Glogera Granica Miasta
25%
Gnieźnieńska
25%
Góra Borkowska
25%
Górka Pychowicka
25%
Gospodarska
25%
Hala Sportowa Piaski Wielkie
25%
Halszki
25%
Janówka
25%
Jasieńskiego
25%
Jerzmanowskiego
25%
Jordanowska
25%
Judyma
25%
Judyma Szkoła
25%
Kąkolowa
25%
Karowa
25%
Kasztanowa
25%
Kępa
25%
Kępa Grabska
25%
Kłuszyńska
25%
Kokotów SKA
25%
Komuny Paryskiej
25%
Konopczyńskiego
25%
Kosmowskiej
25%
Kosocice
25%
Kosocicka
25%
Kostrze
25%
Kostrze OSP
25%
Koszykarska
25%
Kozienicka
25%
Lasówka
25%
Libertowska
25%
Lubocza Bugaj
25%
Lubocza Przychodnia
25%
Lubocza SKA
25%
Łukasiewicza
25%
Łutnia
25%
Łużycka
25%
Makowa
25%
Makowskiego
25%
Millana
25%
Młodzieży
25%
Motyla
25%
Muzeum Rydlówka
25%
Mydlniki Wapiennik P+R
25%
Myśliwska
25%
Myśliwska Szkoła
25%
Nad Dłubnią
25%
Nad Drwiną
25%
Na Krępaku
25%
Nałkowskiej
25%
Na Załęczu
25%
Niebieska Autostrada
25%
Niebyła
25%
Oczyszczalnia Ścieków ,,Kujawy''
25%
Odmętowa
25%
Ojcowska
25%
Ojcowska Dworek
25%
Ojcowska Wągroda
25%
Olszanica Kapliczka
25%
Opatkowice
25%
Opatkowice Wiadukt
25%
Opatkowice Zadworze
25%
Orłowskiego
25%
Orszy-Broniewskiego
25%
Os. Kliny
25%
Os. Marszowiec
25%
Os. Mistrzejowice Nowe
25%
Os. Na Stoku Szkoła
25%
Os. Pod Fortem
25%
Os. Przewóz
25%
Panieńskich Skał
25%
Park ,,Skały Twardowskiego''
25%
Park Zdrojowy
25%
Petrażyckiego
25%
Petrażyckiego Osiedle
25%
Piaskowa
25%
Piaszczysta
25%
Piltza
25%
Plastusia
25%
płk. Dąbka
25%
Podgaje
25%
Podstawie
25%
Półłanki
25%
Popielidów
25%
Praska
25%
Prawocheńskiego
25%
Prokocim UJ
25%
Przegon
25%
Przegorzały Obwodnica
25%
Przewóz
25%
Przylasek Rusiecki Kąpielisko
25%
Przylasek Rusiecki Północ
25%
Przylasek SKA
25%
Pychowice
25%
Raczkiewicza
25%
Reduta
25%
Rodzinna
25%
Rybitwy Dom Kultury
25%
Rybitwy Rozjazd
25%
Rybitwy Sklep
25%
Rynek Dębnicki
25%
Rynek Fałęcki
25%
Rzepakowa Świetlica
25%
Rzepichy
25%
Sapalskiego
25%
Saska
25%
Sidzina
25%
Siejówka
25%
Sielanka
25%
Sikorki
25%
Skalna
25%
Skotniki
25%
Skotniki Kościół
25%
Skotniki Szkoła
25%
Ślaskiego
25%
Śliwiaka
25%
Śliwiaka Zakłady
25%
Słona Woda
25%
Smoleńskiego
25%
Spławy
25%
Stachiewicza
25%
Stojałowskiego
25%
Stręcka
25%
Sucharskiego
25%
Swoszowice Autostrada
25%
Swoszowice Poczta
25%
Swoszowice SKA
25%
Szczecińska
25%
Szlifierska
25%
Szpital Uniwersytecki / Instytut Pediatrii
25%
Taklińskiego
25%
Torfowa
25%
Tor Kajakowy
25%
Truskawkowa
25%
Tymiankowa
25%
Tyniecka Autostrada
25%
Ukraina
25%
Urząd Skarbowy Nowa Huta
25%
Wadów Działki
25%
Wadów Osiedle
25%
Wadowska
25%
Wadów Szkoła
25%
Walcownia
25%
Walgierza Wdałego
25%
Wały Wiślane
25%
Warchałowskiego
25%
Węgrzynowice Centrum
25%
Węgrzynowice Dół
25%
Weigla
25%
Węzeł Wielicki
25%
Widłakowa
25%
Wielicka Granica Miasta
25%
Wiklinowa
25%
Wilczy Stok
25%
Wilga
25%
Winnicka
25%
Wróblowice
25%
Wrony
25%
Wyciąże Północ
25%
Wyciąże Sklep
25%
Wysłouchów
25%
Zabłocie Kościelnickie
25%
Zachodnia
25%
Zakliki
25%
Zakole
25%
Zaskale
25%
Zawiła
25%
Zawodzie
25%
Zbrojarzy
25%
Zbydniowice
25%
ZDMK
25%
Złocieniowa
25%
Żywiczna
25%
Żyzna
25%
Aleksandrowicza
0%
Bagienna
0%
Barycz
0%
Bielańska
0%
Bieżanów Kaim
0%
Bochenka
0%
Bolesława Śmiałego
0%
Branice Ośrodek Zdrowia
0%
Branice Szkoła
0%
Brücknera
0%
Cechowa
0%
Chabrowa
0%
Chałubińskiego
0%
Cmentarz Bieżanów
0%
Cmentarz Mydlniki
0%
Cmentarz Prokocim
0%
Cmentarz Wróblowice
0%
Czerwiakowskiego
0%
Dąbrowa
0%
Danalówka
0%
Drużbackiej
0%
Duża Góra
0%
Folwarczna
0%
Fort Bodzów
0%
Forteczna
0%
Fort Swoszowice
0%
Geologów
0%
Godlewskiego
0%
Golkowice Pętla
0%
Grabowa
0%
Gwarecka
0%
Hallera
0%
Husarska
0%
Jabłonna
0%
Janasówka
0%
Jędrzejczyka
0%
Jugowicka
0%
Karpińskiego
0%
Kenara
0%
Kępna
0%
Kolna Kapliczka
0%
Korepty
0%
Kostrze Kapliczka
0%
Kostrze Szkoła
0%
Krasnowolskiego
0%
Krokusowa
0%
Krzemieniecka
0%
Krzesławice Młyn
0%
ks. Łaczka
0%
ks. Targosza
0%
Kurdwanów Szkoła
0%
Landaua
0%
Leśmiana
0%
Lipowskiego
0%
Łuczyńskiego
0%
Madejówka
0%
Magazynowa
0%
Malinowskiego
0%
Merkeriusza Polskiego
0%
Miejskie Centrum Opieki
0%
Młynówka SKA
0%
Mydlniki Granica Miasta
0%
Myślenicka
0%
Nadbrzezie
0%
Olszanica Ogródki Działkowe
0%
Os. Robotnicze
0%
Owcy-Orwicza
0%
Płaszów Szkoła
0%
Pod Lipą
0%
Pod Strzechą
0%
Podwierzbie
0%
Polana Żywiecka
0%
Połomskiego
0%
Poronińska
0%
Prokocim Rynek
0%
Prosta
0%
Pruszyńskiego
0%
Przy Kuźni
0%
Pylasińskiego
0%
Pylna
0%
Rajsko
0%
Resztówka
0%
Sasanek
0%
Sawiczewskich
0%
Siwka
0%
Sławka
0%
Ślósarczyka
0%
Soboniowice
0%
Stoczniowców
0%
Strycharska
0%
Suchy Jar
0%
Świdzińskiego
0%
Swoszowice Szkoła
0%
Szafrańska
0%
Szczegów
0%
Tonie Kąty
0%
Truszkowskiego
0%
Tuchowska
0%
UR Balicka
0%
Warszewicza
0%
Węglarska
0%
Wierzyńskiego
0%
Wrobela
0%
Wróblowice Szkoła
0%
Wydział Farmaceutyczny UJ
0%
Zagaje
0%
Zakarnie
0%
Zakliki SKA
0%
Zawiszy
0%
Zbydniowicka
0%
Żelazowskiego
0%
Zielony Dół
0%
Żywiecka
0%
Nie znaleziono quizów pasujących do podanych kryteriów
Rozkład punktacji
Procent ludzi z każdym wynikiem
Percentyl według liczby udzielonych odpowiedzi
Twoja historia wyników
Nie rozwiązałeś tego quizu od ostatniego zresetowania